Chuyên đề bệnh răng hàm mặt
Giới thiệu nguyên nhân, triệu chứng, chẩn đoán và điều trị các bệnh răng, hàm, mặt như: bệnh nha chu, hôi miệng, ung thư miệng, ngáy..
Kaydedildi:
| Materyal Türü: | Kitap |
|---|---|
| Dil: | Undetermined |
| Baskı/Yayın Bilgisi: |
hà Nội
Y Học
2003
|
| Konular: | |
| Etiketler: |
Etiketle
Etiket eklenmemiş, İlk siz ekleyin!
|
| Thư viện lưu trữ: | Trung tâm Học liệu Trường Đại học Cần Thơ |
|---|
| LEADER | 00763nam a2200205Ia 4500 | ||
|---|---|---|---|
| 001 | CTU_88822 | ||
| 008 | 210402s9999 xx 000 0 und d | ||
| 020 | |c 9000 | ||
| 082 | |a 617.6 | ||
| 082 | |b Ch527 | ||
| 245 | 0 | |a Chuyên đề bệnh răng hàm mặt | |
| 245 | 0 | |c Trần Thị Kim Cúc ...[et al.] | |
| 260 | |a hà Nội | ||
| 260 | |b Y Học | ||
| 260 | |c 2003 | ||
| 520 | |a Giới thiệu nguyên nhân, triệu chứng, chẩn đoán và điều trị các bệnh răng, hàm, mặt như: bệnh nha chu, hôi miệng, ung thư miệng, ngáy.. | ||
| 650 | |a Dentistry,Oral medicine,Teeth | ||
| 650 | |x Diseases | ||
| 904 | |i Tuyến,Hải | ||
| 980 | |a Trung tâm Học liệu Trường Đại học Cần Thơ | ||